|
|
|
|
| LEADER |
00000cam a2200000 7i4500 |
| 001 |
0000073957 |
| 005 |
20170613.0 |
| 008 |
170613 |
| 020 |
|
|
|a 9838190268 (set)
|
| 020 |
|
|
|a 9838190284
|
| 090 |
0 |
0 |
|a REG
|b MAL
|
| 100 |
1 |
|
|a Jaffri Haji Md.Yatim
|
| 245 |
1 |
0 |
|a Abu salih dan sebiji epal
|c Jaffri Haji Md.Yatim
|
| 260 |
|
|
|a Kuala lumpur :
|b Penerbitan kintan sdn.bhd. ,
|c 1993
|
| 490 |
1 |
|
|a Siri teladan
|
| 650 |
|
0 |
|a Children's stories,malay
|
| 650 |
|
0 |
|a Islamic stories,malay
|
| 999 |
|
|
|a 0000719229
|b Book
|c Children Collection
|e Cawangan Pontian
|
| 999 |
|
|
|a 0000719230
|b Book
|c Children Collection
|e Cawangan Pontian
|